Ukazovatele ekonomickej globalizácie v medzinárodnom obchode - export a import v krajinách V4

Príspevok poukazuje na aktuálnu situáciu v krajinách Vyšehradskej štvorky. Pohľad na konkurencieschopnosť týchto krajín (Slovensko, Česko, Poľsko, Maďarsko) v prepojení na medzinárodný obchod a globalizáciu. Import a export tovarov a služieb vo vybraných krajinách, kde údaje boli získané z hlavného...

Descrizione completa

Salvato in:
Dettagli Bibliografici
Autore principale: Rudý, Stanislav, 1997-
Natura: Capitolo di libro
Lingua:slovacco
Soggetti:
Tags: Aggiungi Tag
Nessun Tag, puoi essere il primo ad aggiungerne!!

MARC

LEADER 00000naa$a2200000$$$4500
001 0292103
005 20240502074501.6
041 0 |a slo 
044 |a SK 
245 1 0 |a Ukazovatele ekonomickej globalizácie v medzinárodnom obchode - export a import v krajinách V4  |c Stanislav Rudý 
520 |a Príspevok poukazuje na aktuálnu situáciu v krajinách Vyšehradskej štvorky. Pohľad na konkurencieschopnosť týchto krajín (Slovensko, Česko, Poľsko, Maďarsko) v prepojení na medzinárodný obchod a globalizáciu. Import a export tovarov a služieb vo vybraných krajinách, kde údaje boli získané z hlavného štatistického úradu Európskej únie - databázy Eurostat. Významnosť potravinárskeho priemyslu na celom exporte a importe krajín V4 v globálnom medzinárodnom obchode. Tieto údaje boli získané zo špecializovanej inštitúcie Organizácie spojených národov - Svetovej Banky. 
610 2 0 |a obchod medzinárodný 
610 2 0 |a dovoz 
610 2 0 |a vývoz 
610 2 0 |a globalizácia 
610 2 0 |a konkurencieschopnosť 
610 2 0 |a Vyšehradská štvorka 
100 1 |a Rudý, Stanislav, 1997-